Butt weld pipe fittings from Japan

Guardat en:
Dades bibliogràfiques
Format: Llibre
Idioma:Undetermined
Publicat: Washington USITC 1980
Matèries:
Etiquetes: Afegir etiqueta
Sense etiquetes, Sigues el primer a etiquetar aquest registre!
Thư viện lưu trữ: Trung tâm Học liệu Trường Đại học Cần Thơ
LEADER 00393nam a2200157Ia 4500
001 CTU_99632
008 210402s9999 xx 000 0 und d
082 |a 621.8672 
082 |b B988 
245 0 |a Butt weld pipe fittings from Japan 
260 |a Washington 
260 |b USITC 
260 |c 1980 
650 |a Pipe 
904 |i Truc 
980 |a Trung tâm Học liệu Trường Đại học Cần Thơ